[Event "Steyr Landesliga 1819"]
[Site "Austria"]
[Date "2018.11.17"]
[Round "5.2"]
[White "Heindl, Matthias"]
[Black "Teuschler, Hugo"]
[Result "1/2-1/2"]
[WhiteElo "2205"]
[BlackElo "2143"]
[PlyCount "118"]
[EventDate "2018.10.06"]
[EventType "team-tourn"]
[EventRounds "11"]
[EventCountry "AUT"]
[SourceTitle "CBM 189 Extra"]
[Source "ChessBase"]
[SourceDate "2019.06.03"]
[SourceVersion "1"]
[SourceVersionDate "2019.06.03"]
[SourceQuality "1"]
[WhiteTeam "Graz Schachgesellschaft"]
[BlackTeam "Gratwein Strassengel"]
[WhiteTeamCountry "AUT"]
[BlackTeamCountry "AUT"]

1. c4 e6 2. Nf3 d5 3. g3 Nf6 4. Bg2 Be7 5. 0-0 0-0 6. d4 dxc4 7. Ne5 c5 8. dxc5 Qc7 9. Nxc4 Qxc5 10. b3 Rd8 11. Nbd2 Nc6 12. Ba3 Nb4 13. Rc1 Qb5 14. Bb2 Qa6 15. a3 Nc6 16. b4 Rb8 17. Qc2 Bd7 18. Nf3 Be8 19. Qb3 b5 20. Nce5 Nxe5 21. Nxe5 Rbc8 22. Rxc8 Rxc8 23. Rd1 Qb6 24. Bd4 Qc7 25. Bf3 a5 26. Nd3 a4 27. Qb2 Qc2 28. Qa1 Qc7 29. Rc1 Qb8 30. Be5 Rxc1+ 31. Qxc1 Qd8 32. Qe3 Qc8 33. Qa7 Nd7 34. Bd4 Kf8 35. Kf1 f6 36. Qb7 Qxb7 37. Bxb7 e5 38. Ba7 Bd6 39. f3 Ke7 40. Kf2 Nf8 41. Nc5 Ne6 42. Nxe6 Kxe6 43. e4 g6 44. Ke2 f5 45. Bb6 fxe4 46. Bxe4 Bf8 47. Be3 Kf6 48. Bd5 Bf7 49. Bg5+ Kg7 50. Bxf7 Kxf7 51. Kd3 Ke6 52. Ke4 Bd6 53. Bh6 Bc7 54. Bg7 Bd6 55. Bh6 Bc7 56. Be3 Bd6 57. g4 Bc7 58. Bc5 Bb8 59. Bb6 Bd6 1/2-1/2

[Event "Feffernitz op 27th"]
[Site "Feffernitz"]
[Date "2018.08.26"]
[Round "9"]
[White "Heindl, Matthias"]
[Black "Epishin, Vladimir"]
[Result "0-1"]
[WhiteElo "2209"]
[BlackElo "2539"]
[PlyCount "82"]
[EventDate "2018.08.19"]
[EventType "swiss"]
[EventRounds "9"]
[EventCountry "AUT"]
[SourceTitle "CBM 186 Extra"]
[Source "ChessBase"]
[SourceDate "2018.08.24"]
[SourceVersion "1"]
[SourceVersionDate "2018.08.24"]
[SourceQuality "1"]

1. Nf3 Nf6 2. c4 e6 3. g3 Be7 4. Bg2 0-0 5. 0-0 d5 6. d4 b6 7. cxd5 exd5 8. Nc3 Bb7 9. Bf4 Na6 10. Rc1 h6 11. Ne5 c5 12. Qa4 cxd4 13. Qxd4 Bc5 14. Qa4 Re8 15. g4 Bd6 16. Nd3 Ne4 17. Bxd6 Qxd6 18. e3 Rad8 19. Ne2 Nac5 20. Nxc5 Nxc5 21. Qc2 d4 22. Nxd4 Bxg2 23. Kxg2 Qd5+ 24. Kg1 h5 25. h3 hxg4 26. hxg4 Re4 27. f3 Rxe3 28. Nf5 Ree8 29. Rcd1 Qe5 30. Rxd8 Rxd8 31. f4 Qf6 32. Re1 g6 33. Nh6+ Kf8 34. Qe2 Nd3 35. Rf1 Nxf4 36. Qh2 Qd4+ 37. Kh1 Qe4+ 38. Kg1 Qe3+ 39. Kh1 Rd2 40. Qxf4 Qh3+ 41. Kg1 Qg2# 0-1

[Event "Feffernitz op 27th"]
[Site "Feffernitz"]
[Date "2018.08.22"]
[Round "5"]
[White "Heindl, Matthias"]
[Black "Kuhn, Tobias"]
[Result "0-1"]
[WhiteElo "2209"]
[BlackElo "2204"]
[PlyCount "82"]
[EventDate "2018.08.19"]
[EventType "swiss"]
[EventRounds "9"]
[EventCountry "AUT"]
[SourceTitle "CBM 186 Extra"]
[Source "ChessBase"]
[SourceDate "2018.08.24"]
[SourceVersion "1"]
[SourceVersionDate "2018.08.24"]
[SourceQuality "1"]

1. Nf3 Nf6 2. c4 e6 3. g3 d5 4. Bg2 Be7 5. 0-0 0-0 6. d4 dxc4 7. Nc3 Nbd7 8. e4 c5 9. d5 exd5 10. exd5 Nb6 11. Ne5 Bd6 12. f4 Re8 13. Re1 Ng4 14. Nf3 Bf5 15. h3 Nf6 16. Ne5 Nfd7 17. g4 f6 18. Nf3 Bd3 19. a4 a5 20. Nb5 Bb8 21. Rxe8+ Qxe8 22. Ne1 Be4 23. Qe2 f5 24. d6 Nf6 25. Nf3 Bd3 26. Qe3 Ne4 27. Ne5 Nd5 28. Qe1 Ndf6 29. g5 Nd7 30. Nxd3 cxd3 31. Bd2 Ra6 32. Qe3 c4 33. Re1 Bxd6 34. Nxd6 Rxd6 35. Bxa5 Rd5 36. Bb4 Qe6 37. Qc1 Qb6+ 38. Qe3 Qxb4 39. Bxe4 fxe4 40. Qxe4 Qc5+ 41. Kh1 Nf8 0-1

[Event "Feffernitz op 27th"]
[Site "Feffernitz"]
[Date "2018.08.21"]
[Round "4"]
[White "Levin, Felix"]
[Black "Heindl, Matthias"]
[Result "0-1"]
[WhiteElo "2480"]
[BlackElo "2209"]
[PlyCount "78"]
[EventDate "2018.08.19"]
[EventType "swiss"]
[EventRounds "9"]
[EventCountry "AUT"]
[SourceTitle "CBM 186 Extra"]
[Source "ChessBase"]
[SourceDate "2018.08.24"]
[SourceVersion "1"]
[SourceVersionDate "2018.08.24"]
[SourceQuality "1"]

1. Nf3 c5 2. c4 Nc6 3. d4 cxd4 4. Nxd4 g6 5. e4 Bg7 6. Be3 Nf6 7. Nc3 0-0 8. Be2 d6 9. 0-0 Bd7 10. Nc2 Be6 11. Rb1 Nd7 12. Nd5 Nc5 13. f3 a5 14. b3 f5 15. exf5 Bxf5 16. g4 Bxc2 17. Qxc2 e6 18. Nc3 Bd4 19. Bxd4 Nxd4 20. Qd2 e5 21. f4 Nce6 22. fxe5 Qb6 23. Kh1 dxe5 24. Nd5 Qd6 25. Bf3 Kg7 26. Bg2 b6 27. Rfe1 Rae8 28. Re3 Nf4 29. Rbe1 Nxd5 30. Bxd5 Nf3 31. Rxf3 Rxf3 32. g5 Rff8 33. b4 axb4 34. Rb1 Qc5 35. Kg2 Qd4 36. Qxd4 exd4 37. Rxb4 Re2+ 38. Kg3 d3 39. Rb3 d2 0-1

[Event "Feffernitz op 27th"]
[Site "Feffernitz"]
[Date "2018.08.20"]
[Round "3"]
[White "Heindl, Matthias"]
[Black "Suess, Mirco"]
[Result "1-0"]
[WhiteElo "2209"]
[BlackElo "1998"]
[PlyCount "113"]
[EventDate "2018.08.19"]
[EventType "swiss"]
[EventRounds "9"]
[EventCountry "AUT"]
[SourceTitle "CBM 186 Extra"]
[Source "ChessBase"]
[SourceDate "2018.08.24"]
[SourceVersion "1"]
[SourceVersionDate "2018.08.24"]
[SourceQuality "1"]

1. c4 e5 2. g3 Nc6 3. Bg2 d6 4. Nc3 Be6 5. d3 Qd7 6. Rb1 g6 7. b4 Bg7 8. Nd5 Nd8 9. e4 c6 10. Ne3 Ne7 11. Qb3 0-0 12. Ne2 Bh3 13. 0-0 Bxg2 14. Kxg2 Ne6 15. f4 exf4 16. Nxf4 Nd4 17. Qd1 f5 18. Bb2 Rae8 19. Nc2 Ne6 20. Bxg7 Kxg7 21. Qe1 Nxf4+ 22. Rxf4 fxe4 23. Rxe4 Nf5 24. Qc3+ Kg8 25. Rbe1 Rxe4 26. Rxe4 Re8 27. Qe1 Rxe4 28. Qxe4 Qe7 29. Qxe7 Nxe7 30. Ne3 Kf7 31. Kf3 Ke6 32. Kf4 h6 33. g4 d5 34. a4 g5+ 35. Kf3 d4 36. Nf1 Ke5 37. Ng3 Ng6 38. Ke2 Kf4 39. Nf5 Kxg4 40. Nxh6+ Kh3 41. Kf3 Kxh2 42. Nf7 Nf4 43. Ke4 Nh3 44. Ne5 Kg3 45. a5 Ng1 46. a6 bxa6 47. Nxc6 Nf3 48. Ne7 Nh4 49. c5 g4 50. c6 Kf2 51. c7 g3 52. c8Q g2 53. Qf8+ Ke2 54. Qg7 Kf1 55. Qf6+ Ke2 56. Qg5 Kf1 57. Nf5 1-0

[Event "Feffernitz op 27th"]
[Site "Feffernitz"]
[Date "2018.08.19"]
[Round "1"]
[White "Heindl, Matthias"]
[Black "Hof, Hasso"]
[Result "1-0"]
[WhiteElo "2209"]
[BlackElo "1714"]
[PlyCount "59"]
[EventDate "2018.08.19"]
[EventType "swiss"]
[EventRounds "9"]
[EventCountry "AUT"]
[SourceTitle "CBM 186 Extra"]
[Source "ChessBase"]
[SourceDate "2018.08.24"]
[SourceVersion "1"]
[SourceVersionDate "2018.08.24"]
[SourceQuality "1"]

1. c4 f5 2. Nf3 Nf6 3. g3 g6 4. b4 d6 5. d4 Bg7 6. Bb2 0-0 7. Nbd2 Qe8 8. Bg2 Nbd7 9. c5 Nh5 10. Qb3+ Kh8 11. 0-0 c6 12. e4 fxe4 13. Nxe4 d5 14. Neg5 Ndf6 15. Rae1 h6 16. Ne6 Bxe6 17. Rxe6 Qf7 18. Re2 Ne4 19. Qe3 Kh7 20. Bc1 g5 21. Ne1 e5 22. dxe5 Rae8 23. Bxe4+ dxe4 24. Qxe4+ Kg8 25. Bb2 Qxa2 26. f4 Nf6 27. Qg6 Nd5 28. e6 Re7 29. Bxg7 Rxg7 30. Qxg7+ 1-0

[Event "St Veit op 37th"]
[Site "St Veit"]
[Date "2018.07.12"]
[Round "7"]
[White "Schneider Zinner, Harald"]
[Black "Heindl, Matthias"]
[Result "0-1"]
[WhiteElo "2413"]
[BlackElo "2196"]
[PlyCount "50"]
[EventDate "2018.07.07"]
[EventType "swiss"]
[EventRounds "9"]
[EventCountry "AUT"]
[SourceTitle "EXT 2019"]
[Source "ChessBase"]
[SourceDate "2018.10.10"]
[SourceVersion "1"]
[SourceVersionDate "2018.10.10"]
[SourceQuality "1"]

1. d4 Nf6 2. Bf4 c5 3. d5 b5 4. e3 Bb7 5. c4 d6 6. Nd2 e6 7. dxe6 fxe6 8. cxb5 Be7 9. h3 0-0 10. Ngf3 e5 11. Bh2 Kh8 12. Qb3 Nbd7 13. Ng5 d5 14. Ne6 Qa5 15. Nxf8 c4 16. Qc2 Rxf8 17. f3 Bc5 18. Bg1 Rc8 19. Be2 Bb4 20. Rb1 Qxa2 21. Bd1 Nc5 22. Ke2 Bxd2 23. Kxd2 Nb3+ 24. Ke2 d4 25. Rc1 d3+ 0-1

[Event "Pula op 32nd"]
[Site "Pula"]
[Date "2018.06.30"]
[Round "9"]
[White "Heindl, Matthias"]
[Black "Jelen, Igor"]
[Result "1/2-1/2"]
[WhiteElo "2196"]
[BlackElo "2360"]
[PlyCount "41"]
[EventDate "2018.06.23"]
[EventType "swiss"]
[EventRounds "9"]
[EventCountry "CRO"]
[SourceTitle "EXT 2019"]
[Source "ChessBase"]
[SourceDate "2018.10.10"]
[SourceVersion "1"]
[SourceVersionDate "2018.10.10"]
[SourceQuality "1"]

1. c4 c5 2. Nf3 Nf6 3. d4 cxd4 4. Nxd4 e6 5. a3 Nc6 6. Nc3 Bc5 7. Nb3 Bb6 8. c5 Bc7 9. e4 b6 10. Be3 0-0 11. Bb5 Bb7 12. 0-0 d6 13. cxd6 Qxd6 14. f4 Qxd1 15. Raxd1 Rad8 16. Be2 e5 17. f5 Nd4 18. Nxd4 exd4 19. Bxd4 Nxe4 20. Nxe4 Bxe4 21. f6 1/2-1/2

[Event "Pula op 32nd"]
[Site "Pula"]
[Date "2018.06.28"]
[Round "7"]
[White "Beletic, Daniel"]
[Black "Heindl, Matthias"]
[Result "1-0"]
[WhiteElo "2370"]
[BlackElo "2196"]
[PlyCount "87"]
[EventDate "2018.06.23"]
[EventType "swiss"]
[EventRounds "9"]
[EventCountry "CRO"]
[SourceTitle "EXT 2019"]
[Source "ChessBase"]
[SourceDate "2018.10.10"]
[SourceVersion "1"]
[SourceVersionDate "2018.10.10"]
[SourceQuality "1"]

1. Nf3 c5 2. b3 Nf6 3. Bb2 g6 4. Bxf6 exf6 5. c4 d5 6. cxd5 Qxd5 7. Nc3 Qd8 8. Rc1 Bg7 9. g3 b6 10. Bg2 Bb7 11. d4 cxd4 12. Nb5 Na6 13. 0-0 0-0 14. Qxd4 f5 15. Qf4 Qe7 16. Nd6 Bxf3 17. Bxf3 Be5 18. Qc4 Bxd6 19. Bxa8 Nb4 20. Bf3 Nxa2 21. Rcd1 Nb4 22. Rd2 Bc5 23. Rfd1 a5 24. e3 Qf6 25. Rd7 Nc6 26. Bxc6 Qxc6 27. R1d5 Qf6 28. Rb7 Kg7 29. Rdd7 Kg8 30. Qd5 Kg7 31. Kg2 Kg8 32. Rbc7 Kg7 33. f4 Bxe3 34. Qe5 Bc5 35. Rc6 Qxe5 36. fxe5 Re8 37. e6 Be7 38. exf7 Kxf7 39. Rxb6 h5 40. h4 Rd8 41. Ra7 Rd5 42. Rba6 Rb5 43. Rxa5 Rxb3 44. Re5 1-0

[Event "AUT-chT2M 1718"]
[Site "Austria"]
[Date "2018.04.06"]
[Round "10.4"]
[White "Weiss, Christian"]
[Black "Heindl, Matthias"]
[Result "1/2-1/2"]
[WhiteElo "2382"]
[BlackElo "2169"]
[PlyCount "101"]
[EventDate "2017.10.27"]
[EventType "team-tourn"]
[EventRounds "11"]
[EventCountry "AUT"]
[SourceTitle "EXT 2019"]
[Source "ChessBase"]
[SourceDate "2018.10.10"]
[SourceVersion "1"]
[SourceVersionDate "2018.10.10"]
[SourceQuality "1"]
[WhiteTeam "Ansfelden"]
[BlackTeam "Villach Admira"]
[WhiteTeamCountry "AUT"]
[BlackTeamCountry "AUT"]

1. d4 Nf6 2. g3 g6 3. Bg2 d5 4. Nf3 Bg7 5. 0-0 0-0 6. Nbd2 c5 7. dxc5 Na6 8. Nb3 e6 9. c3 Ne4 10. Be3 Qe7 11. Nfd2 Nexc5 12. Nxc5 Nxc5 13. Nb3 b6 14. Bd4 Bb7 15. Bxg7 Kxg7 16. Qd2 Rfd8 17. Rad1 Rd7 18. f4 Rad8 19. Qe3 f6 20. g4 a5 21. g5 fxg5 22. fxg5 e5 23. Rf6 Nxb3 24. axb3 d4 25. cxd4 Bxg2 26. Kxg2 exd4 27. Qxe7+ Rxe7 28. Rd2 b5 29. Ra6 Rd5 30. h4 b4 31. Kf2 h6 32. gxh6+ Kxh6 33. Rd3 Rf5+ 34. Kg3 Kh5 35. Rxd4 Re3+ 36. Kg2 Rxe2+ 37. Kg3 Re3+ 38. Kg2 Rxb3 39. Rd2 Kxh4 40. Rxg6 Rg5+ 41. Rxg5 Kxg5 42. Kf2 Kf4 43. Ke1 Ke4 44. Rh2 a4 45. Kd1 Rd3+ 46. Kc1 Rd4 47. Kb1 Kd3 48. Rh3+ Kc4 49. Ka2 Rg4 50. Rf3 Rd4 51. Rh3 1/2-1/2

[Event "AUT-chT2M 1718"]
[Site "Austria"]
[Date "2017.11.26"]
[Round "6.4"]
[White "Tomazini, Zan"]
[Black "Heindl, Matthias"]
[Result "1-0"]
[WhiteElo "2401"]
[BlackElo "2169"]
[PlyCount "77"]
[EventDate "2017.10.27"]
[EventType "team-tourn"]
[EventRounds "11"]
[EventCountry "AUT"]
[SourceTitle "CBM 181 Extra"]
[Source "ChessBase"]
[SourceDate "2017.12.12"]
[SourceVersion "1"]
[SourceVersionDate "2017.12.12"]
[SourceQuality "1"]
[WhiteTeam "Maria Saal II"]
[BlackTeam "Villach Admira"]
[WhiteTeamCountry "AUT"]
[BlackTeamCountry "AUT"]

1. e4 c5 2. c3 Nf6 3. e5 Nd5 4. d4 cxd4 5. Nf3 Nc6 6. cxd4 d6 7. Bc4 Nb6 8. Bb3 g6 9. Ng5 d5 10. Nc3 f6 11. exf6 exf6 12. Nf3 Be6 13. 0-0 Qd7 14. Re1 0-0-0 15. Na4 Nxa4 16. Bxa4 Bd6 17. Bd2 Kb8 18. b4 Qf7 19. Bxc6 bxc6 20. a4 Bd7 21. Qb3 Ka8 22. Rec1 g5 23. b5 g4 24. Ne1 Rb8 25. Bb4 Bxb4 26. Qxb4 h5 27. Qd6 Rhd8 28. bxc6 Be6 29. Qc5 Qc7 30. Nd3 h4 31. Nb4 Rxb4 32. Qxb4 Rb8 33. Qc5 g3 34. fxg3 hxg3 35. Rab1 gxh2+ 36. Kh1 Bh3 37. Rxb8+ Kxb8 38. Qb4+ Ka8 39. Qb7+ 1-0

[Event "AUT-chT2M 1718"]
[Site "Austria"]
[Date "2017.10.29"]
[Round "3.4"]
[White "Heindl, Matthias"]
[Black "Wegerer, Fred"]
[Result "1/2-1/2"]
[WhiteElo "2169"]
[BlackElo "2099"]
[PlyCount "94"]
[EventDate "2017.10.27"]
[EventType "team-tourn"]
[EventRounds "11"]
[EventCountry "AUT"]
[SourceTitle "CBM 181 Extra"]
[Source "ChessBase"]
[SourceDate "2017.12.12"]
[SourceVersion "1"]
[SourceVersionDate "2017.12.12"]
[SourceQuality "1"]
[WhiteTeam "Villach Admira"]
[BlackTeam "Gleisdorf"]
[WhiteTeamCountry "AUT"]
[BlackTeamCountry "AUT"]

1. Nf3 b6 2. g3 Bb7 3. d4 e6 4. Bg2 c5 5. 0-0 Nf6 6. c4 Be7 7. Nc3 Ne4 8. d5 Nxc3 9. bxc3 Bf6 10. Qd3 exd5 11. cxd5 0-0 12. Bf4 Ba6 13. c4 d6 14. Rae1 g5 15. Bc1 Nd7 16. Bh3 h6 17. e4 Re8 18. Kh1 Bc8 19. Bf5 Bg7 20. h4 gxh4 21. gxh4 Ne5 22. Nxe5 Qxh4+ 23. Kg2 Bxf5 24. Rh1 Qf6 25. exf5 Rxe5 26. Rxe5 Qxe5 27. Bxh6 Re8 28. Bxg7 Kxg7 29. Qh3 Kf8 30. Qh6+ Qg7+ 31. Kf3 Qxh6 32. Rxh6 Ke7 33. f6+ Kd7 34. Rh7 Rf8 35. Kg4 a6 36. a4 Ke8 37. Rh3 Kd7 38. Rb3 Rb8 39. Re3 Re8 40. Kf4 Rxe3 41. fxe3 Kc7 42. e4 Kd7 43. Kf5 Kc7 44. Kf4 Kb7 45. Kf5 Kc7 46. Kf4 Kb7 47. Kf5 Kc7 1/2-1/2

[Event "AUT-chT2M 1718"]
[Site "Austria"]
[Date "2017.10.27"]
[Round "1.4"]
[White "Heindl, Matthias"]
[Black "Pierecker, Markus"]
[Result "1/2-1/2"]
[WhiteElo "2169"]
[BlackElo "2180"]
[PlyCount "109"]
[EventDate "2017.10.27"]
[EventType "team-tourn"]
[EventRounds "11"]
[EventCountry "AUT"]
[SourceTitle "CBM 181 Extra"]
[Source "ChessBase"]
[SourceDate "2017.12.12"]
[SourceVersion "1"]
[SourceVersionDate "2017.12.12"]
[SourceQuality "1"]
[WhiteTeam "Villach Admira"]
[BlackTeam "Steyregg"]
[WhiteTeamCountry "AUT"]
[BlackTeamCountry "AUT"]

1. Nf3 Nf6 2. g3 d5 3. Bg2 c6 4. 0-0 Bg4 5. d4 e6 6. c4 Nbd7 7. b3 Be7 8. Bb2 0-0 9. Nc3 a5 10. h3 Bh5 11. g4 Bg6 12. Nh4 Ne8 13. Nxg6 hxg6 14. e4 dxe4 15. Nxe4 Nef6 16. Ng3 a4 17. Qf3 Qa5 18. h4 Rfd8 19. g5 Ne8 20. Rad1 axb3 21. axb3 Qb6 22. Rfe1 Ra2 23. Re2 Nc5 24. Rb1 Nd7 25. Bh3 Nc7 26. Re4 Nf8 27. Rf4 f5 28. gxf6 Bxf6 29. Rxf6 gxf6 30. Qxf6 Rxb2 31. Rxb2 Qxd4 32. Ne4 Qxf6 33. Nxf6+ Kg7 34. Ne4 Rd4 35. f3 Nd7 36. Kf2 Nf6 37. Ke3 e5 38. Bc8 Nxe4 39. fxe4 b6 40. Ra2 Rd8 41. Bg4 Kf6 42. Ra7 Ne6 43. Bxe6 Kxe6 44. Rb7 Rh8 45. Rxb6 Kd6 46. b4 Kc7 47. Ra6 Rxh4 48. b5 cxb5 49. cxb5 Rh3+ 50. Kd2 Rb3 51. Rxg6 Rxb5 52. Kc3 Kd7 53. Ra6 Rc5+ 54. Kd3 Ke7 55. Rb6 1/2-1/2

[Event "AUT-chT2M 1617"]
[Site "Austria"]
[Date "2017.03.25"]
[Round "10.1"]
[White "Holzleithner, Johannes"]
[Black "Heindl, Matthias"]
[Result "0-1"]
[WhiteElo "1929"]
[BlackElo "2051"]
[PlyCount "102"]
[EventDate "2016.10.07"]
[EventType "team-tourn"]
[EventRounds "11"]
[EventCountry "AUT"]
[SourceTitle "CBM 177 Extra"]
[Source "ChessBase"]
[SourceDate "2017.04.27"]
[SourceVersion "1"]
[SourceVersionDate "2017.04.27"]
[SourceQuality "1"]
[WhiteTeam "Gmunden"]
[BlackTeam "Wolfsberg"]
[WhiteTeamCountry "AUT"]
[BlackTeamCountry "AUT"]

1. d4 Nf6 2. Nf3 g6 3. Bg5 Ne4 4. Bf4 Bg7 5. Nbd2 f5 6. e3 0-0 7. Bc4+ e6 8. Qe2 d5 9. Bb3 b6 10. Nxe4 fxe4 11. Ne5 Ba6 12. Qg4 Rf5 13. h4 Bxe5 14. Bxe5 Nd7 15. h5 Nxe5 16. dxe5 Qg5 17. Qxg5 Rxg5 18. hxg6 hxg6 19. 0-0-0 Kg7 20. c4 c6 21. Rh3 Rh8 22. Rxh8 Kxh8 23. cxd5 exd5 24. e6 Re5 25. Rd4 Bf1 26. Rd1 Bb5 27. Kd2 Rxe6 28. a4 Ba6 29. a5 Kg7 30. axb6 axb6 31. Ra1 Bb5 32. Ra7+ Kh6 33. Rb7 c5 34. Kc3 Rd6 35. Re7 Bf1 36. g3 Bg2 37. Bc2 Rf6 38. Rd7 Rxf2 39. Rxd5 Re2 40. Rd6 Rxe3+ 41. Kd2 Rxg3 42. Rxb6 e3+ 43. Ke2 Bh3 44. Rxg6+ Rxg6 45. Bxg6 Kxg6 46. Kxe3 Be6 47. Kd3 Ba2 48. Kc3 c4 49. b4 Kf5 50. b5 Ke5 51. Kb4 Kd6 0-1

[Event "Feffernitz op 24th"]
[Site "Feffernitz"]
[Date "2015.08.22"]
[Round "8"]
[White "Heindl, Matthias"]
[Black "Kainz, Josef"]
[Result "1-0"]
[WhiteElo "1783"]
[BlackElo "1989"]
[PlyCount "77"]
[EventDate "2015.08.16"]
[EventType "swiss"]
[EventRounds "9"]
[EventCountry "AUT"]
[SourceTitle "EXT 2016"]
[Source "ChessBase"]
[SourceDate "2015.10.08"]
[SourceVersion "1"]
[SourceVersionDate "2015.10.08"]
[SourceQuality "1"]

1. e4 c5 2. Nf3 g6 3. d3 Bg7 4. Be2 Nc6 5. c3 d5 6. Nbd2 Nf6 7. e5 Nh5 8. d4 Nf4 9. Bf1 cxd4 10. cxd4 Qb6 11. Nb3 Ne6 12. Be3 a5 13. a4 0-0 14. Be2 Bd7 15. 0-0 Nb4 16. Ng5 Nxg5 17. Bxg5 f6 18. Nc5 Bf5 19. exf6 exf6 20. Be3 Nc2 21. Rc1 Nxe3 22. fxe3 Rfe8 23. Bf3 Rad8 24. Qd2 Bh6 25. Rc3 Qb4 26. Re1 b6 27. Na6 Qxa4 28. Nc7 Re7 29. Nxd5 Re6 30. g4 Bxg4 31. Bxg4 Red6 32. Qg2 Kf7 33. Rc7+ Kg8 34. Qe4 Re8 35. Ne7+ Kh8 36. Nxg6+ hxg6 37. Qxg6 Bxe3+ 38. Kh1 Rd7 39. Bxd7 1-0